01572nam a2200265 a 4500001001000000005001700010008004100027041000800068044000700076084002100083100004500104245010200149260003100251300002200282500021500304500014800519500031800667500007500985500000901060650005201069650005601121650003401177650004501211740005001256BRCA_240820190320203808.0121108s1735----sp-a---###---#000-0#spa-u aspa asp a049b.S269c17351 aCervantes Saavedra, Miguel ded1547-161610aVida y hechos del Ingenioso Cavallero Don Quixote de la Manchacpor Miguel de Cervantes Saavedra. aMadridbAntonio Sanzc1735 a2 v.bil.c22 cm. aContenido : v 1. Primera parte. Dedicatoria de Cide Hamete Benengeli. Licencia. Tasa. Prólogo del autor. -- v 2. Segunda parte. Poesí0as de los académicos de Argamasilla. Aprobación. Prólogo del autor aEdición : Nueva edición corregida ilustrada y añadida en esta última. Original de su autor con 44 láminas muy apropiadas a la materia aCopia del LO-048 con algunas correcciones. También suprime las dedicatorias y los versos preliminares. La parte tipográfica y las láminas dejan mucho que desear. Con todo, tiene el mérito de ser la primera edición que no lleva estampadas las tildes de supresión de n y de e. Pergamino Lúdovik Osterc aEstado físico : La cubuerta está desprendiendose en el volúmen 2 aQM3514aNovela españolayÉpoca clásica, 1500-170014aLiteratura españolayÉpoca clásica, 1500-170014aNovela españolaySiglo XVII14aDon Quijote (Personaje ficticio)eNovela0 aEl Ingenioso Hidalgo Don Quijote de la Mancha